General Knowledge Quiz #1 - Statistics

General Stats
  • This quiz has been taken 39 times
  • The average score is 12 of 20
Answer Stats
Hint Answer % Correct
Burgundy is a shade of what primary color? Red
94%
A Rottweiler is a breed of what animal? Dog
91%
How many dots are on a pair of dice? 42
82%
How many words are in this question? 7
79%
What website are you playing this quiz on? Jetpunk
79%
What country was Elon Musk born? South Africa
79%
Which planet has the most moons? Saturn
76%
What fruit does Spongebob's house look like? Pineapple
74%
Simone Biles is famous for what sport? Gymnastics
71%
What is a group of crows called? Murder
71%
How many cards are in a deck of cards not including jokers? 52
65%
What is the 4th letter in the Greek alphabet? Delta
65%
How many stars are on the flag of the European Union? 12
62%
How many balls are on a pool table at the start of a game? 16
53%
What is the most common last name of Canada? Smith
50%
What is acrophobia a fear of? Heights
47%
How many minutes are in a week? 10,080
35%
Who is the main character of the Diary of a Wimpy Kid series? Greg Heffley
15%
What was the first fruit eaten on the moon? Peach
15%
What is the number one seller at Walmart? Bananas
3%
No matching quizzes found
Score Distribution
Percent of People with Each Score
Percentile by Number Answered
Your Score History
You have not taken this quiz